boss de super smash bros - Statistiques

Statistiques générales
  • Ce quiz a été pris 92 fois
    66 depuis la dernière actualisation
  • Le résultat moyen est 16 sur 27
Statistiques - réponses
jeu boss % Correct
super smash bros 64 créa main
86%
super smash bros melee créa main
86%
super smash bros brawl Créa main
86%
super smash bros for wii u et 3ds créa main
86%
super smash bros melee giga bowser
78%
super smash bros ultimate Giga Bowser
78%
super smash bros melee Dé-mainiaque
76%
super smash bros brawl Dé-mainiaque
76%
super smash bros for wii u et 3ds Dé-mainiaque
76%
super smash bros ultimate Ganon
76%
super smash bros ultimate Dracula
72%
super smash bros ultimate Kilaire
66%
super smash bros ultimate Sumbra
60%
super smash bros ultimate Rathalos
58%
super smash bros brawl ridley
56%
super smash bros brawl Tabbou
56%
super smash bros brawl Galéon
54%
super smash bros ultimate Galéon
54%
super smash bros brawl rayquaza
50%
super smash bros ultimate Marx
42%
super smash bros brawl flora piranha
34%
super smash bros brawl porky
34%
super smash bros brawl meta ridley
32%
super smash bros brawl Duon
28%
super smash bros 64 mario de métal
28%
super smash bros for wii u et 3ds Créa main suprême
26%
super smash bros 64 Donkey kong géant
16%
Aucun quiz correspondant
Distribution des résultats
% des personnes avec chaque résultat
Percentile par nombre de réponses
Votre historique - résultats
Vous n’avez pas pris ce quiz depuis la dernière actualisation